Artistes ayant participé aux Enfoirés - Statistiques

Statistiques générales
  • Ce quiz a été pris 156 fois
    99 depuis la dernière actualisation
  • Le résultat moyen est 72 sur 276
Statistiques - réponses
Nombre de
Participation(s)
Année(s) Profession Artiste % Correct
27 1986 - 1989 - 1992 - 1993 - 1994 - 1995 - 1996 - 1997 - 1998 - 1999 - 2000 - 2001 - 2002 - 2003 - 2004 - 2005 - 2006 - 2007 - 2008 - 2009 - 2010 - 2011 - 2012 - 2013 - 2014 - 2015 - 2016 Chanteur Jean-Jacques Goldman
83%
33 1993 - 1994 - 1995 - 1996 - 1997 - 1998 - 1999 - 2000 - 2001 - 2002 - 2003 - 2004 - 2005 - 2006 - 2007 - 2008 - 2009 - 2010 -2011 - 2012 - 2013 - 2014 - 2015 - 2016 - 2017 - 2018 - 2019 - 2020 - 2021 - 2022 - 2023 - 2024 - 2025 Chanteur Patrick Bruel
79%
27 1994 - 1995 - 1996 - 1997 - 1998 - 1999 - 2000 - 2001 - 2003 - 2004 - 2005 - 2006 - 2008 - 2009 - 2010 - 2011 - 2012 - 2013 - 2014 - 2015 - 2016 - 2018 - 2019 - 2020 - 2021 - 2023 - 2025 Actrice Mimie Mathy
77%
9 2011 - 2012 - 2013 - 2014 - 2015 - 2018 - 2021 - 2023 - 2024 Chanteuse Zaz
77%
29 1997 - 1998 - 1999 - 2000 - 2001 - 2002 - 2003 - 2004 - 2005 - 2006 - 2007 - 2008 - 2009 - 2010 - 2011 - 2012 - 2013 - 2014 - 2015 - 2016 - 2017 - 2018 - 2019 - 2020 - 2021 - 2022 - 2023 - 2024 - 2025 Chanteuse Zazie
75%
27 1999 - 2000 - 2001 - 2002 - 2003 - 2004 - 2005 - 2006 - 2007 - 2008 - 2009 - 2010 - 2011 - 2012 - 2013 - 2014 - 2015 - 2016 - 2017 - 2018 - 2019 - 2020 - 2021 - 2022 - 2023 - 2024 - 2025 Chanteur Patrick Fiori
74%
1 2023 Producteur Michael Goldman
71%
1 1986 Acteur / Humoriste Coluche
69%
21 2003 - 2004 - 2005 - 2006 - 2007 - 2008 - 2009 - 2010 - 2011 - 2012 - 2013 - 2015 - 2016 - 2017 - 2018 - 2019 - 2020 - 2022 - 2023 - 2024 - 2025 Chanteuse Jenifer
69%
2 2019 - 2022 Sportif Kylian Mbappé
68%
17 1999 - 2000 - 2001 - 2002 - 2003 - 2004 - 2005 - 2006 - 2007 - 2008 - 2009 - 2010 - 2012 - 2013 - 2017 - 2022 - 2023 Chanteur Garou
66%
10 2016 - 2017 - 2018 -2019 - 2020 - 2021 - 2022 - 2023 - 2024 - 2025 Chanteur Soprano
64%
1 2001 Sportif Zinedine Zidane
64%
5 1993 - 1994 - 1995 - 2019 - 2021 Chanteur Florent Pagny
62%
5 2021 - 2022 - 2023 - 2024 - 2025 Chanteur Vianney
62%
2 2014 - 2019 Sportif Didier Deschamps
61%
3 1989 - 1997 - 1998 Chanteur Johnny Hallyday
60%
25 1997 - 1998 - 1999 - 2000 - 2001 - 2002 - 2004 - 2005 - 2006 - 2008 - 2009 - 2010 - 2011 - 2013 - 2014 - 2015 - 2016 - 2017 - 2018 - 2019 - 2020 - 2021 - 2023 - 2024 - 2025 Actrice Michèle Laroque
60%
17 2007 - 2008 - 2009 - 2010 - 2011 - 2012 - 2014 - 2015 - 2016 - 2017 - 2018 - 2019 - 2020 - 2021 - 2023 - 2024 - 2025 Acteur/ Humoriste Kad Merad
58%
11 2009 - 2016 - 2017 - 2018 - 2019 - 2020 - 2021 - 2022 - 2023 - 2024 - 2025 Sportif Sébastien Chabal
58%
18 2006 - 2007 - 2008 - 2009 - 2010 - 2011 - 2012 - 2013 - 2014 - 2015 - 2016 - 2017 - 2018 - 2019 - 2020 - 2021 - 2022 - 2023 - 2025 Chanteuse Amel Bent
56%
18 1996 - 1998 - 2000 - 2001 - 2003 - 2005 - 2006 - 2008 - 2010 - 2014 - 2015 - 2017 - 2018 - 2020 - 2022 - 2023 - 2024 - 2025 Chanteur Julien Clerc
56%
3 2023 - 2024- 2025 Sportif Antoine Dupont
55%
9 1999 - 2000 - 2001 - 2002 - 2003 - 2007 - 2008 - 2009 - 2017 Chanteur David Hallyday
55%
23 1994 - 2002 - 2003 - 2004 - 2005 - 2007 - 2009 - 2010 - 2011 - 2012 - 2013 - 2014 - 2015 - 2016 - 2017 - 2018 - 2019 - 2020 - 2021 - 2022 - 2023 - 2024 - 2025 Chanteur Jean-Louis Aubert
53%
16 1997 - 1998 - 1999 - 2000 - 2001 - 2002 - 2005 - 2008 - 2009 - 2010 - 2011 - 2012 - 2013 - 2014 - 2015 - 2016 Chanteur Pascal Obispo
53%
17 1998 - 1999 - 2001 - 2002 - 2004 - 2005 - 2008 - 2010 - 2011 - 2012 - 2013 - 2015 - 2016 - 2017 - 2020 - 2022 - 2025 Acteur Gérard Jugnot
52%
22 2002 - 2003 - 2004 - 2005 - 2006 - 2007 - 2008 - 2009 - 2010 - 2011 - 2012 - 2013 - 2014 - 2015 - 2016 - 2017 - 2018 - 2019 - 2021 - 2022 - 2023 - 2025 Chanteuse / Actrice Lorie Pester
52%
3 1994 - 1996 - 2008 Chanteuse Céline Dion
51%
8 2012 - 2013 - 2014 - 2015 - 2016 - 2017 - 2024 - 2025 Chanteur M Pokora
51%
6 2012 - 2013 - 2014 - 2016 - 2024 - 2025 Chanteuse Shy'm
51%
5 2020 - 2021 - 2023 - 2024 - 2025 Chanteuse Vitaa
49%
1 2011 Sportif Laurent Blanc
48%
1 1993 Acteur Michel Blanc
48%
6 1992 - 1994 - 1995 - 1998 - 1999 - 2004 Chanteur Renaud
48%
5 2019 - 2020 - 2021 - 2023 - 2024 Chanteur Slimane
48%
3 2014 - 2015 - 2024 Acteur Dany Boon
47%
3 2003 - 2004 - 2013 Acteur / Humoriste Gad Elmaleh
47%
4 1998 - 2001 - 2005 - 2024 Chanteuse Lara Fabian
47%
9 2014 - 2015 - 2016 - 2017 - 2018 - 2020 - 2021 - 2024 - 2025 Acteur / Chanteur Michaël Youn
47%
8 2018 - 2019 - 2020 - 2021 - 2022 - 2023 - 2024 - 2025 Acteur Philippe Lacheau
47%
22 1993 - 1994 - 1995 - 1996 - 1997 - 1998 - 1999 - 2000 - 2001 - 2002 - 2003 - 2004 - 2005 - 2006 - 2007 - 2008 - 2009 - 2015 - 2016 - 2020 - 2021 Humoriste Pierre Palmade
47%
11 1993 - 1996 - 1998 - 2002 - 2003 - 2004 - 2005 - 2006 - 2007 - 2011 - 2012 Sportif / Chanteur Yannick Noah
47%
6 2017 - 2018 - 2019 - 2021 - 2022 - 2023 Chanteur Amir
45%
20 2005 - 2006 - 2007 - 2008 - 2009 - 2010 - 2011 - 2012 - 2013 - 2014 - 2015 - 2016 - 2017 - 2018 - 2019 - 2020 - 2021 - 2023 - 2024 - 2025 Actrice / Chanteuse Claire Keim
45%
14 1992 - 1994 - 1996 - 1997 - 1998 - 2000 - 2001 - 2002 - 2003 - 2004 - 2006 - 2007 - 2008 - 2010 Chanteur Francis Cabrel
45%
22 1993 - 1995 - 1999 - 2000 - 2001 - 2002 - 2003 - 2004 - 2005 - 2006 - 2007 - 2009 - 2010 - 2011 - 2012 - 2014 - 2015 - 2016 - 2017 - 2018 - 2019 - 2020 Chanteuse Liane Foly
45%
7 2013 - 2014 - 2015 - 2016 - 2017 - 2018 - 2019 Chanteuse Tal
45%
8 2001 - 2002 - 2008 - 2009 - 2010 - 2011 - 2012 - 2013 Chanteuse Alizée
44%
18 2006 - 2007 - 2008 - 2009 - 2010 - 2011 - 2012 - 2013 - 2014 - 2016 - 2017 - 2019 - 2020 - 2021 - 2022 - 2023 - 2024 - 2025 Chanteuse Nolwenn Leroy
44%
15 1992 - 1993 - 1995 - 1997 - 1998 - 1999 - 2000 - 2001 - 2002 - 2003 - 2004 - 2006 - 2007 - 2010 - 2011 Chanteuse Patricia Kaas
44%
14 2008 - 2009 - 2010 - 2011 - 2012 - 2013 - 2014 - 2016 - 2017 - 2018 - 2020 - 2021 - 2023 - 2025 Chanteur Christophe Maé
43%
16 1999 - 2000 - 2002 - 2004 - 2005 - 2006 - 2007 - 2008 - 2009 - 2010 - 2011 - 2012 - 2013 - 2014 - 2015 Chanteuse Hélène Ségara
43%
15 1996 - 1998 - 1999 - 2000 - 2001 - 2002 - 2003 - 2004 - 2005 - 2006 - 2008 - 2014 - 2016 - 2018 Chanteur Marc Lavoine
43%
27 1989 - 1992 - 1993 - 1994 - 1996 - 1997 - 1999 - 2001 - 2002 - 2004 - 2005 - 2006 - 2007 - 2008 - 2009 - 2010 - 2011 - 2012 - 2013 - 2014 - 2015 - 2016 - 2017 - 2018 - 2019 - 2021 - 2021 Chanteur Michael Jones
43%
1 2025 Chanteur Pierre Garnier
43%
7 2019 - 2020 - 2021 - 2022 - 2023 - 2024 - 2025 Chanteur Claudio Capéo
42%
3 1989 - 1994 - 1995 Chanteur Eddy Mitchell
42%
23 1997 - 2001 - 2002 - 2003 - 2004 - 2005 - 2006 - 2007 - 2008 - 2009 - 2010 - 2011 - 2012 - 2013 - 2014 - 2015 - 2016 - 2017 - 2018 - 2019 - 2020 - 2022 - 2025 Chanteur MC Solaar
42%
17 1992 - 1993 - 1994 - 1995 - 1996 - 1997 - 1998 - 1999 - 2000 - 2001 - 2002 - 2003 - 2004 - 2005 - 2006 - 2007 - 2020 Humoriste Muriel Robin
42%
13 2007 - 2008 - 2009 - 2010 - 2012 - 2013 - 2014 - 2015 - 2016 - 2017 - 2018 - 2019 - 2022 Chanteur Bénabar
40%
2 1993 - 1994 Chanteuse France Gall
40%
1 1993 Chanteur Jacques Dutronc
40%
5 1994 - 1995 - 1997 - 1998 - 2002 Chanteur Laurent Voulzy
40%
14 1996 - 1999 - 2000 - 2001 - 2002 - 2003 - 2004 - 2005 - 2006 - 2008 - 2009 - 2010 - 2011 - 2013 Chanteuse Maurane
40%
8 2009 - 2010 - 2011 - 2013 - 2014 - 2016 - 2019 - 2020 Chanteur Thomas Dutronc
40%
8 1994 - 1995 - 1996 -1997 - 1998 - 1999 - 2000 - 2003 Chanteur Alain Souchon
39%
15 2008 - 2009 - 2010 - 2011 - 2013 - 2014 - 2015 - 2016 - 2017 - 2018 - 2019 - 2020 - 2021 - 2023 - 2024 Chanteur Christophe Willem
39%
7 2017 - 2018 - 2019 - 2020 - 2022 - 2023 - 2024 - 2025 Chanteur Kendji Girac
39%
4 1989 - 1998 - 2004 - 2005 Chanteur Michel Sardou
39%
5 2018 - 2019 - 2021 - 2022 - 2024 Acteur Tarek Boudali
39%
8 2010 - 2011 - 2012 - 2013 - 2014 - 2015 - 2016 - 2017 Chanteur Grégoire
38%
3 2022 - 2023 - 2025 Spationaute Thomas Pesquet
38%
8 2018 - 2019 - 2020 - 2021 - 2022 - 2023 - 2024 - 2025 Actrice Elodie Fontan
36%
6 1989 - 1995 - 1996 - 1997 - 1999 - 2020 Chanteuse Véronique Sanson
36%
1 2020 Sportive Amandine Henry
35%
1 2021 Acteur / Humoriste Kev Adams
35%
8 1993 - 1994 - 1995 - 1996 - 1997 - 1998 - 1999 - 2001 Chanteuse Vanessa Paradis
35%
4 2004 - 2005 - 2006 - 2007 Chanteur Calogero
34%
2 1994 - 1999 Chanteur Charles Aznavour
34%
16 2005 - 2006 - 2007 - 2008 - 2010 - 2011 - 2012 - 2013 - 2014 - 2015 - 2016 - 2017 - 2019 - 2020 - 2024 - 2025 Acteur / Chanteur Jean-Baptiste Maunier
34%
3 1993 - 1995 - 1999 Acteur / Humoriste Alain Chabat
32%
2 1999 - 2022 Sportif Bixente Lizarazu
32%
2 1994 - 2001 Actrice Charlotte Gainsbourg
32%
8 2018 - 2019 - 2020 - 2021 - 2022 - 2023 - 2024 - 2025 Acteur Julien Arruti
32%
15 2000 - 2001 - 2002 - 2003 - 2004 - 2005 - 2006 - 2007 - 2008 - 2009 - 2010 - 2011 - 2012 - 2014 - 2015 Chanteuse Lââm
32%
22 1995 - 1997 - 1998 - 1999 - 2000 - 2001 - 2002 - 2003 - 2004 - 2005 - 2006 - 2007 - 2008 - 2009 - 2010 - 2011 - 2012 - 2013 - 2014 - 2015 - 2016 - 2017 Chanteur Maxime Le Forestier
32%
13 2012 - 2013 - 2014 - 2015 - 2016 - 2017 - 2018 - 2019 - 2020 - 2021 - 2022 - 2023 - 2024 Humoriste Nicolas Canteloup
32%
12 1994 - 1998 - 2002 - 2003 - 2004 - 2005 - 2006 - 2008 - 2009 - 2010 - 2012 - 2022 Chanteuse Catherine Lara
31%
7 2003 - 2004 - 2005 - 2006 - 2007 - 2008 - 2009 Chanteuse Julie Zenatti
31%
2 2024 - 2025 Chanteuse Santa
31%
5 1993 - 1995 - 1998 - 2000 - 2005 Actrice Josiane Balasko
30%
4 1996 - 1997 - 1998 - 2001 Acteur Thierry Lhermitte
30%
1 2025 Sportif Alexis Lebrun
29%
11 1997 - 1998 - 1999 - 2000 - 2001 - 2002 - 2003 - 2004 - 2005 - 2006 - 2008 - 2012 Chanteuse Elsa
29%
1 1999 Sportif Fabien Barthez
29%
1 2025 Sportif Felix Lebrun
29%
6 2019 - 2020 - 2021 - 2022 - 2023 - 2025 Actrice Isabelle Nanty
29%
1 1995 Acteur Alain Delon
27%
2 2020 - 2021 Chanteur Black M
27%
2 1986 - 1997 Actrice Catherine Deneuve
27%
3 2014 - 2015 - 2016 Chanteur Emmanuel Moire
27%
1 1999 Sportif Emmanuel Petit
27%
1 2002 Sportif Frank Leboeuf
27%
3 2020 - 2021 - 2023 Humoriste Inès Reg
27%
1 2013 Chanteur Mika
27%
1 2019 Acteur / Humoriste Bernard Campan
26%
5 1995 - 1997 - 2007 - 2021 - 2023 Chanteuse Carla Bruni
26%
1 1999 Sportif Christian Karembeu
26%
1 2019 Acteur / Humoriste Didier Bourdon
26%
11 2003 - 2004 - 2005 - 2006 - 2007 - 2009 - 2010 - 2011 - 2013 - 2014 - 2015 Chanteuse Natasha St-Pier
26%
1 2011 Sportif Alain Bernard
25%
4 2020 - 2021 - 2022 - 2023 Actrice Alice Pol
25%
4 2022 - 2023 - 2024 - 2025 Acteur / Humoriste Arnaud Ducret
25%
1 2001 Sportif David Douillet
25%
1 1986 Animateur Michel Drucker
25%
2 1998 - 2001 Danseur Etoile Patrick Dupond
25%
1 2011 Sportif Camille Lacourt
23%
4 1998 - 1999 - 2000 - 2001 Humoriste Jean-Marie Bigard
23%
2 2016 - 2017 Humoriste Jeff Panacloc
23%
1 1999 Actrice / Mannequin Laëtitia Casta
23%
1 2019 Acteur / Humoriste Pascal Legitimus
23%
3 2023 - 2024- 2025 Chanteuse / Actrice Sofia Essaïdi
23%
2 1998 - 2000 Chanteuse Axelle Red
22%
9 1992 - 1994 - 1995 - 1996 - 1997 - 1998 - 1999 - 2000 - 2001 Chanteuse Carole Fredericks
22%
4 1995 - 1998 - 1994 - 2023 Acteur / Humoriste Elie Sémoun
22%
2 2024 - 2025 Chanteur Gaëtan Roussel
22%
4 1994 - 1996 - 1997 - 2023 Chanteuse / Actrice Jane Birkin
22%
4 2022 - 2023 - 2024 - 2025 Chanteur Jérémy Frérot
22%
4 2022 - 2023 - 2024 - 2025 Chanteuse Joyce Jonathan
22%
1 1986 Sportif Michel Platini
22%
1 2025 Chanteur Alain Chamfort
21%
2 2024- 2025 Actrice / Humoriste Claudia Tagbo
21%
3 2005 - 2006 - 2015 Chanteur Corneille
21%
1 1998 Sportif / Acteur Eric Cantona
21%
1 1999 Chanteur Etienne Daho
21%
1 1999 Chanteur Frederic François
21%
1 1996 Acteur Jean Réno
21%
1 2000 Acteur José Garcia
21%
1 2012 Sportif Karim Benzema
21%
1 1997 Chanteuse Khadja Nin
21%
2 2023 - 2024 Chanteuse Mentissa
21%
1 2007 Chanteuse Nâdiya
21%
2 1989 - 1996 Actrice Nathalie Baye
21%
11 1994 - 1996 - 1997 - 1998 - 1999 - 2000 - 2002 - 2003 - 2005 - 2006 - 2010 Acteur Patrick Timsit
21%
3 1996 - 1997 - 1998 Chanteur Philippe Lavil
21%
1 2016 Sportif Zlatan Ibrahimovic
21%
7 2004 - 2005 - 2006 - 2007 - 2012 - 2013 - 2014 Chanteuse Chimène Badi
19%
1 2009 Sportif Franck Ribery
19%
1 2025 Chanteuse Jain
19%
1 2025 Chanteur Joseph Kamel
19%
2 1996 - 1999 Chanteur Khaled
19%
9 2016 - 2017 - 2018 - 2019 - 2020 - 2021 - 2022 - 2023 - 2024 Danseuse Etoile Marie Agnès Gillot
19%
1 1998 Chanteuse Mireille Mathieu
19%
5 1996 - 1999 - 2000 - 2003 - 2005 Chanteuse Ophélie Winter
19%
5 2006 - 2007 - 2009 - 2024 - 2025 Chanteur Raphaël
19%
6 1997 - 1999 - 2001 - 2004 - 2006 - 2016 Actrice Sandrine Kiberlain
19%
4 1999 - 2000 - 2002 - 2011 Chanteur Serge Lama
19%
1 1986 Acteur / Chanteur Yves Montand
19%
3 2022 - 2023 - 2024 Chanteuse Anne Sila
18%
5 2002 - 2003 - 2004 - 2005 - 2006 Chanteur Axel Bauer
18%
1 2022 Chanteuse Camélia Jordana
18%
2 1993 - 1995 Actrice Chantal Lauby
18%
1 2000 Sportif Christophe Dugarry
18%
1 2001 Chanteur Faudel
18%
3 2001 - 2002 - 2005 Chanteuse Isabelle Boulay
18%
1 1999 Sportif Lilian Thuram
18%
5 2009 - 2010 - 2011 - 2012 - 2013 Chanteur Renan Luce
18%
1 1995 Acteur / Humoriste Dieudonné
17%
2 1994 - 1997 Actrice Emmanuelle Béart
17%
2 1999 - 2012 Acteur Fabrice Luchini
17%
8 1996 - 2001 - 2002 - 2003 - 2005 - 2006 - 2008 - 2009 Chanteur Gérald De Palmas
17%
1 2013 Danseur Chorégraphe Jean-Marc Généreux
17%
1 2020 Chanteuse Maëlle
17%
1 2016 Actrice Monica Bellucci
17%
5 1992 - 1993 - 1995 - 1997 - 1998 Acteur / Humoriste Smaïn
17%
1 2020 Sportif Tony Parker
17%
3 2019 - 2020 - 2021 Acteur / Humoriste Ary Abittan
16%
3 1998 - 2002 - 2003 Chanteur Dany Brillant
16%
1 1997 Chanteur Dave
16%
2 1993 - 1995 Humoriste Elie Kakou
16%
1 2003 Mannequin Estelle Lefebure
16%
7 2003 - 2004 - 2005 - 2006 - 2007 - 2008 - 2009 Acteur Gérard Darmon
16%
1 1995 Chanteur Michel Fugain
16%
2 2016 - 2022 Musicien Renaud Capuçon
16%
1 2011 Sportif Sébastien Loeb
16%
1 1995 Sportif Basile Boli
14%
2 1993 - 1995 Acteur / Humoriste Dominique Farrugia
14%
2 2023 - 2024 Sportif Esteban Ocon
14%
1 1997 Actrice Fanny Ardant
14%
1 2025 Acteur / Humoriste François-Xavier Demaison
14%
1 1999 Chanteur Hugues Aufray
14%
9 1996 - 1998 - 1999 - 2000 - 2001 - 2005 - 2006 - 2007 - 2008 Mannequin / Chanteuse Karen Mulder
14%
1 1997 Chanteuse Nana Mouskouri
14%
1 1992 Humoriste / Chanteur Patrick Sébastien
14%
1 1999 Acteur Richard Berry
14%
6 1997 - 1999 - 2000 - 2001 - 2002 - 2005 Chanteur Roch Voisine
14%
2 1993 - 1994 Actrice Valérie Lemercier
14%
1 2024 Chanteur Ycare
14%
1 1999 Chanteuse Anggun
13%
1 2001 Sportif Aymé Jacquet
13%
1 2001 Chanteur Daniel Lévi
13%
1 1999 Chanteur Dick Rivers
13%
1 2025 Trompettiste Ibrahim Maalouf
13%
1 1995 Humoriste Laurent Baffie
13%
2 2019 - 2020 Acteur / Humoriste Malik Bentalha
13%
1 1999 Sportif Alain Boghossian
12%
1 2000 Chanteuse Annie Cordy
12%
1 2003 Actrice / Chanteuse Arielle Dombasle
12%
1 2020 Chanteurs Boulevard des Airs
12%
1 1998 Chanteur Doc Gynéco
12%
1 1998 Chanteur Patrick Juvet
12%
2 1994 - 1997 Chanteurs Pow-Wow
12%
6 2006 - 2007 - 2008 - 2009 - 2011 - 2014 Chanteuse Tina Arena
12%
8 1994 - 1995 - 1996 - 1997 - 1998 - 1999 - 2000 - 2005 Humoriste Yves Lecoq
12%
1 2011 Sportif Fabien Gilot
10%
1 1995 Chanteur Gilbert Bécaud
10%
1 2006 Sportif Grégory Coupet
10%
1 2001 Sportif Guy Roux
10%
1 2020 Actrice / Chanteuse Hélèna Noguerra
10%
1 1997 Chanteurs I Muvrini
10%
1 2024 Danseur Etoile Marc Moreau
10%
1 2001 Chanteuse Mia Frye
10%
1 1998 Acteur Richard Anconina
10%
1 2002 Humoriste Titoff
10%
1 2016 Humoriste Veronic Dicaire
10%
1 2013 Sportif Yannick Agnel
10%
1 2002 Chanteurs Emile et Images
9%
1 2008 Acteur Frederic Diefenthal
9%
1 1994 Acteur Marius Colucci
9%
2 1993 - 1999 Acteur Martin Lamotte
9%
1 1994 Actrice Romane Bohringer
9%
1 1998 Chanteur Salvatore Adamo
9%
2 1997 - 1998 Chanteur Yves Simon
9%
3 1993 - 1996 - 1999 Chanteur Alain Lanty
8%
1 2021 Actrice Alice Taglioni
8%
1 2012 Sportif Bafétimbi Gomis
8%
1 1997 Actrice Caroline Cellier
8%
1 1993 Actrice Claire Nadeau
8%
1 1999 Chanteur Dan Ar Braz
8%
1 1993 Actrice Diane Dufresne
8%
2 2023 - 2024 Danseur Etoile Germain Louvet
8%
1 1996 Acteur / Humoriste Michel Leeb
8%
1 2001 Chanteur Richard Cocciante
8%
1 1998 Chanteur Stéphan Eicher
8%
1 2025 Humoriste Alex Lutz
6%
1 2011 Sportif Amaury Leveaux
6%
1 2025 Chanteuse Axelle Saint-Cirel
6%
1 1996 Actrice Carole Bouquet
6%
1 1993 Parolier Luc Plamondon
6%
1 1992 Animatrice Maryse Gildas
6%
1 1994 Chanteur Paul Personne
6%
1 1993 Chanteur Peter Kingsbery
6%
1 1995 Chanteur Serge Reggiani
6%
1 1993 Chanteur Tonton David
6%
1 2025 Acteur Arnaud Toupense
5%
1 1999 Chanteuse Coumba Gawlo
5%
2 1992 - 1994 Musicien Jean-Jacques Milteau
5%
1 1996 Chanteuse Jocelyne Béroard
5%
2 1998 - 1999 Chanteurs Native
5%
1 2022 Groupe Ofenbach
5%
1 2013 Acteur Patrick Chesnais
5%
1 2019 Actrice Pauline Lefèvre
5%
1 1993 Chanteur Renaud Hantson
5%
1 1992 Danseur Etoile Eric Vu An
4%
1 2001 Acteur Jean-Claude Brialy
4%
1 2025 Actrice Marie Colin
4%
1 2022 Sportive Pauline Déroulède
4%
1 2024 Chanteuse Philippine Lavrey
4%
2 1996 - 1997 Chanteuse Princess Erika
4%
1 2019 Mannequin Daniela de Jesus Cosio
3%
2 1996 - 1997 Chanteurs Innocents
3%
1 2021 Chanteuse Rebecca
3%
1 2018 Danseur Etoile Vincent Chaillet
3%
1 2024 Danseur Yvon Demol
3%
1 2023 Danseuse Claire Francisci Ducret
1%
Aucun quiz correspondant
Distribution des résultats
% des personnes avec chaque résultat
Percentile par nombre de réponses
Votre historique - résultats
Vous n’avez pas pris ce quiz depuis la dernière actualisation